• 首页
  • 本馆介绍
  • 公告通知
  • 最新文献
  • 馆藏检索
  • 电子资源
  • 读者导购
  • 参考咨询
  • 我的图书馆
  • 登录
  • 详细信息显示
  • 放入我的书架
  • 预约/预借图书
  • 作者相关作品
  • 分类相关作品
  • 丛书相关作品
  • 出版社相关作品

书目信息

  • 表格格式
  • 工作单格式
  • 卡片格式
题名:
走向真实的写作教学
    
 
作者: 曾海玲 著
分册:  
出版信息: 西安   陕西师范大学出版总社  2020.11
页数: 208页
开本: 24cm
丛书名:
单 册:
中图分类: G623.242
科图分类:
主题词: 作文课--教学研究--小学
电子资源:
ISBN: 978-7-5695-1673-9
000 00823nam0 2200229 45
001 012001001127
005 20140820144424.0
010    @a978-7-5695-1673-9@dCNY45.00
100    @a20210223d2020 em y0chiy0110 ea
101 0  @achi
102    @aCN@b610000
105    @aa z 000yy
106    @ar
200 1  @a走向真实的写作教学@Azou xiang zhen shi de xie zuo jiao xue@f曾海玲著
210    @a西安@c陕西师范大学出版总社@d2020.11
215    @a208页@c图@d24cm
330    @a本书是作者为1~6年级学生量身定做的习作教学设计系列,分低中高三段:低年段为听记、体验、看图、想象习作,中年段为童话、观察、游戏、记事习作;高年段为写人、描景、综合、生活习作。
606 0  @a作文课@x教学研究@x小学
690    @aG623.242@v5
701  0 @a曾海玲@Azeng hai ling@4著
801    @aCN@bAHXH@c20210922
905    @b1247798-802@dG623.242@e1376@f5
    
    走向真实的写作教学/曾海玲著.-西安:陕西师范大学出版总社,2020.11
    208页:图;24cm
    
    
    ISBN 978-7-5695-1673-9:CNY45.00
    本书是作者为1~6年级学生量身定做的习作教学设计系列,分低中高三段:低年段为听记、体验、看图、想象习作,中年段为童话、观察、游戏、记事习作;高年段为写人、描景、综合、生活习作。
●
相关链接 在E读中查询图书 在五车中查询图书 在当当中查询图书 在豆瓣中查询图书


正题名:走向真实的写作教学     索取号:G623.242/1376         预约/预借

序号 登录号 条形码 馆藏地/架位号 状态 备注
1 1247798   212477988   第一样本阅览室/ [索取号:G623.242/1376] 在馆    
2 1247799   212477997   教育系资料室/ [索取号:G623.242/1376] 在馆    
3 1247800   212478004   教育系资料室/ [索取号:G623.242/1376] 在馆    
4 1247801   212478013   第四借阅区/ [索取号:G623.242/1376] 在馆    
5 1247802   212478022   第四借阅区/ [索取号:G623.242/1376] 在馆    
唐山师范学院图书馆 欢迎您!
大连网信软件有限公司© 版权所有